Statystyki dla Kraje nieuznawane

Kliknij tutaj aby rozwiązać quiz!

Ogólne statystyki

  • Ten quiz został rozwiązany 1 054 razy
  • Średni wynik to 4 z 10

Statystyki odpowiedzi

KontynentPaństwo% Poprawnych
EuropaKosowo
82%
AzjaTajwan
52%
AzjaPalestyna
39%
EuropaNaddniestrze
34%
AfrykaSahara Zachodnia
34%
AzjaAbchazja
31%
AzjaOsetia Południowa
28%
AfrykaSomaliland
27%
AzjaCypr Północny
22%
AzjaGórski Karabach
17%

Rozkład punktacji

Percentyl według liczby udzielonych odpowiedzi

Procent ludzi z każdym wynikiem

Twoja historia wyników

Nie rozwiązałeś tego quizu